1418 1414 1087 1587 1031 1873 1503 1979 1350 1210 1057 1041 1843 1302 1060 1942 1917 1820 1640 1669 1850 1507 1876 1380 1511 1917 1215 1319 1042 1099 1345 1581 1396 1265 1807 1707 1474 1008 1700 1576 1981 1781 1451 1254 1720 1596 1394 1326 1577 1826 1524 1040 1747 1348 1438 1659 1416 1615 1539 1360 1222 1323 1133 1406 1240 1094 1765 1763 1183 1959 1034 1041 1057 1317 1525 1854 1634 1363 1828 1477 1000 1833 1706 1276 1706 1512 1852 1190 1209 1505 1185 1481 1536 1587 1612 1431 1636 1377 1859 BCNSPRNW ULIB Ver.6.0+V

เปลี่ยนเป็นภาษาไทย

Change to English
 แสดงรายละเอียดบรรณานุกรม
  กลับหน้าหลัก

Brief Record : Get Marc (ISO 2709) : E-mail record : QR code < ปิดหน้าต่าง
LEADER : 00000nam 2200000uu 4500
001    13399128812
003     ULIB
008    241008s2563||||th 000 0 tha d
020    ^a9789740339069
060  0 ^aWY161^bข275ก
100 0  ^aขวัญฤทัย พันธุ
245 00 ^aการพยาบาลผู้ป่วยที่ได้รับหัตถการทางการแพทย์ทางอายุรกรรม/^cขวัญฤทัย พันธุ
250    ^aพิมพ์ครั้งที่ 3
260    ^aกรุงเทพฯ:^bสำนักพิมพ์แห่งจุฬาลงกรณ์มหาวิทยาลัย,^c2563
300    ^a63 หน้า
501    ^aตำแหน่งหนังสือ > ชั้น 11B แถวที่ 2
650  0 ^aการดูแลหลังศัลยกรรม
650  0 ^aการพยาบาลศัลยศาสตร์
650  0 ^aการพยาบาลทางห้องผ่าตัด
856    ^a^zสารบัญ^uhttps://drive.google.com/file/d/1DxbSXXXA8wwoQfZtKeClnPFLTKO49W1J/view?usp=sharing
945    ^p100^l0^i010956
945    ^p100^l0^i010957
945    ^p100^l0^i010958
945    ^p100^l0^i010959
945    ^p100^l0^i010960
945    ^p100^l0^i010961
945    ^p100^l0^i010962
999    ^aประนอม เกษจรัล
รายการนี้ยังไม่มีแท็ก
คุณยังไม่ได้ล็อกอิน คุณสามารถมีกิจกรรมร่วมกับเว็บไซต์ได้ แต่ต้องล็อกอินก่อน ::
  ล็อกอิน

รายการสื่อสารสนเทศ

ลำดับที่ ประเภท เลขเรียก/บาร์โค้ด สถานที่ สถานะ
1. Book การพยาบาล
หนังสือสำรอง
สถานะ=หนังสือสำรอง
WY161 ข275ก ฉ.1 
  Barcode: 010956
ห้องสมุดวิทยาเขตสวรรค์ประชารักษ์
►หนังสือทั่วไป
บนชั้น
2. Book การพยาบาล
Book การพยาบาล
WY161 ข275ก ฉ.2 
  Barcode: 010957
ห้องสมุดวิทยาเขตสวรรค์ประชารักษ์
►หนังสือทั่วไป
บนชั้น
3. Book การพยาบาล
Book การพยาบาล
WY161 ข275ก ฉ.3 
  Barcode: 010958
ห้องสมุดวิทยาเขตสวรรค์ประชารักษ์
►หนังสือทั่วไป
บนชั้น
4. Book การพยาบาล
Book การพยาบาล
WY161 ข275ก ฉ.4 
  Barcode: 010959
ห้องสมุดวิทยาเขตสวรรค์ประชารักษ์
►หนังสือทั่วไป
บนชั้น
5. Book การพยาบาล
Book การพยาบาล
WY161 ข275ก ฉ.5 
  Barcode: 010960
ห้องสมุดวิทยาเขตสวรรค์ประชารักษ์
►หนังสือทั่วไป
บนชั้น
6. Book การพยาบาล
Book การพยาบาล
WY161 ข275ก ฉ.6 
  Barcode: 010961
ห้องสมุดวิทยาเขตสวรรค์ประชารักษ์
►หนังสือทั่วไป
บนชั้น
7. Book การพยาบาล
Book การพยาบาล
WY161 ข275ก ฉ.7 
  Barcode: 010962
ห้องสมุดวิทยาเขตสวรรค์ประชารักษ์
►หนังสือทั่วไป
บนชั้น

รายการใกล้เคียง
    ผู้แต่ง [ขวัญฤทัย พันธุ]

    หัวเรื่อง [การพยาบาลศัลยศาสตร์]
    หัวเรื่อง [การพยาบาลทางห้องผ่าตัด]

BibComment


ยังไม่เคยถูกคอมเมนท์

คอมเมนท์ทรัพยากรรายการนี้
  คอมเมนท์: การพยาบาลผู้ป่วย..


 Copyright 2026. Bcnsprnw @Library